LDR 00655naa#a2200181#i#450# 001 EN\\bibl\120970 005 20260606212821.6 011 ## _a2782-5256 100 ## _a20251225b2025####ek#y0engy0150####ca 102 ## _aRU 200 1# _aThe insignificance of the act and the problems of delineation from crimes _eJournal article 210 1# _aMoscow _cMoscow University of the Ministry of Internal Affairs of Russia named after V.Ya. Kikot _d2025 215 ## _a4 с. 608 ## _aJournal article _2local 675 ## _aПраво. Юридические науки. 34 _z 700 #1 _aKalininskaya _gYana Sergeevna 700 #1 _aTarbeev _gIl'ya Igorevich 856 4# _amosumvd.editorum.ru _u